យើងទៅទស្សនាសារមន្ទីជាតិ / (Record no. 1518)

MARC details
000 -LEADER
fixed length control field 02419nam a22003257a 4500
001 - CONTROL NUMBER
control field 1518
003 - CONTROL NUMBER IDENTIFIER
control field FISKH
005 - DATE AND TIME OF LATEST TRANSACTION
control field 20251121134947.0
008 - FIXED-LENGTH DATA ELEMENTS--GENERAL INFORMATION
fixed length control field 230901b cb ||||| |||| 00| 0 khr d
020 ## - INTERNATIONAL STANDARD BOOK NUMBER
International Standard Book Number 9789995054304
040 ## - CATALOGING SOURCE
Original cataloging agency FISKH
Language of cataloging eng
Transcribing agency FISKH
Modifying agency FISKH
082 ## - DEWEY DECIMAL CLASSIFICATION NUMBER
Classification number 708
100 ## - MAIN ENTRY--PERSONAL NAME
Personal name Mengcheang, Sunheng
245 ## - TITLE STATEMENT
Title យើងទៅទស្សនាសារមន្ទីជាតិ /
Statement of responsibility, etc. និពន្ធរួមគ្នាដោយ ស៊ុនហេង ម៉េងឈាង និង Marie Caillat
250 ## - EDITION STATEMENT
Edition statement បោះពុម្ពលើកទី១០ ខែមិថុនា​ ឆ្ណាំ ២០២២​​
260 ## - PUBLICATION, DISTRIBUTION, ETC.
Place of publication, distribution, etc. Phnom Penh :
Name of publisher, distributor, etc. Sipar,
Date of publication, distribution, etc. 2022.
300 ## - PHYSICAL DESCRIPTION
Extent 48 pages :
Other physical details color illustrations ;
Dimensions 20 cm
490 ## - SERIES STATEMENT
Series statement ខ្ញុំចង់ដឹង
505 ## - FORMATTED CONTENTS NOTE
Formatted contents note Z'<br/>
520 ## - SUMMARY, ETC.
Summary, etc. ការទៅទស្សនា​សារមន្ទីជាតិភ្នំពេញ ណែនាំអ្នកអានឱ្យស្គាល់ សារមន្ទីរនៅក្នុងប្រទេសកម្ពុជា ដែលបែងចែកជាសម័យកាល និងប្រភេទសម្ភារៈ ចាប់ពីសម័យបុរេប្រវត្តិ រហូតដល់សម័យក្រោយអង្គរ។ ពីវិចិត្រសាលមួយទៅវិចិត្រសាលមួយទៀត មានភស្តុតាងនៃប្រវត្តិសាស្ត្រខ្មែរ ផ្អែកលើចម្លាក់ និងសិលាចារឹកប្រាប់ពីសម័យកាលមួយទៅសម័យកាល។
520 ## - SUMMARY, ETC.
Summary, etc. A stroll through Phnom Penh National Museum guides readers to know the displays which are classified into periods and types of materials from pre-history to post-Angkor​ period. From one gallery to another, there is evidence of Khmer history based on sculpture and inscriptions telling the story from one period to the next.
521 8# - TARGET AUDIENCE NOTE
Target audience note 1000<br/>
Source Lexile estimate<br/>
521 8# - TARGET AUDIENCE NOTE
Target audience note Z'<br/>
Source Raz-Plus<br/>
610 ## - SUBJECT ADDED ENTRY--CORPORATE NAME
Form subdivision សម័យបុរេប្រវត្ត
General subdivision សម្ភារៈ
Chronological subdivision វិចិត្តសាល
610 ## - SUBJECT ADDED ENTRY--CORPORATE NAME
Form subdivision Material
General subdivision Pre-history
Chronological subdivision Gallery
700 ## - ADDED ENTRY--PERSONAL NAME
Personal name Cailat, Marie
Relator term Author
700 ## - ADDED ENTRY--PERSONAL NAME
Personal name Sophaleap, Nhoek
Relator term illustrator
700 ## - ADDED ENTRY--PERSONAL NAME
Personal name Rotha, Ouk
Relator term illustrator
942 ## - ADDED ENTRY ELEMENTS (KOHA)
Source of classification or shelving scheme Dewey Decimal Classification
Koha item type Books
Suppress in OPAC No
Holdings
Withdrawn status Lost status Source of classification or shelving scheme Damaged status Not for loan Collection Home library Current library Shelving location Date acquired Total Checkouts Full call number Barcode Date last seen Copy number Price effective from Koha item type Date last checked out Date due
    Dewey Decimal Classification     Khmer Non-Fiction / សៀវភៅខ្មែរ រឿងពិត Footprints International School Library Network Toul Kork Campus Footprints International School Library Network Toul Kork Campus   09/01/2023   MEN 708 2023-0442 11/21/2025 1 09/01/2023 Books    
    Dewey Decimal Classification     Khmer Non-Fiction / សៀវភៅខ្មែរ រឿងពិត Footprints International School Library Network Toul Kork Campus Footprints International School Library Network Toul Kork Campus   09/01/2023   MEN 708 2023-0443 09/01/2023 2 09/01/2023 Books    
    Dewey Decimal Classification     Khmer Non-Fiction / សៀវភៅខ្មែរ រឿងពិត Footprints International School Library Network Toul Kork Campus Footprints International School Library Network Toul Kork Campus   09/01/2023   MEN 708 FISTK05108 10/10/2023 3 09/01/2023 Books    
    Dewey Decimal Classification     Khmer Non-Fiction / សៀវភៅខ្មែរ រឿងពិត Footprints International School Library Network Toul Tom Poung Campus Footprints International School Library Network Toul Kork Campus TTP Primary Khmer Bookshelves 09/01/2023 2 MEN 708 FIS05238 04/24/2026 5 09/01/2023 Books 01/23/2026  
    Dewey Decimal Classification     Khmer Non-Fiction / សៀវភៅខ្មែរ រឿងពិត Footprints International School Library Network Toul Tom Poung Campus Footprints International School Library Network Toul Kork Campus TTP Primary Khmer Bookshelves 04/01/2025 3 MEN 708 FISSE02202 04/24/2026 6 04/01/2025 Books 04/24/2026 05/08/2026
    Dewey Decimal Classification     Khmer Non-Fiction / សៀវភៅខ្មែរ រឿងពិត Footprints International School Library Network Toul Tom Poung Campus Footprints International School Library Network Toul Tom Poung Campus TTP Secondary Khmer Bookshelves 09/01/2023 1 MEN 708 FIS01535 03/11/2025 4 09/01/2023 Books 03/11/2025  
    Dewey Decimal Classification     Khmer Non-Fiction / សៀវភៅខ្មែរ រឿងពិត Footprints International School Library Network Toul Tom Poung Campus Footprints International School Library Network Toul Tom Poung Campus TTP Secondary Khmer Bookshelves 04/01/2025   MEN 708 FISSE00281 04/01/2025 7 04/01/2025 Books    
    Dewey Decimal Classification     Khmer Non-Fiction / សៀវភៅខ្មែរ រឿងពិត Footprints International School Library Network Toul Tom Poung Campus Footprints International School Library Network Toul Tom Poung Campus TTP Secondary Khmer Bookshelves 06/09/2025   MEN 708 FISSE00357 06/09/2025 8 06/09/2025 Books    
    Dewey Decimal Classification     Khmer Non-Fiction / សៀវភៅខ្មែរ រឿងពិត Footprints International School Library Network Toul Tom Poung Campus Footprints International School Library Network Toul Tom Poung Campus TTP Secondary Khmer Bookshelves 11/21/2025   MEN 708 2025-4880 11/21/2025 9 11/21/2025 Books